Statistics for Countries with highest life expectancy

Click here to take the quiz!

General Stats

  • This quiz has been taken 28 times
  • The average score is 17 of 20

Answer Stats

Life ExpectancyCountry% Correct
82.3 yearsNorway
100%
84.5 yearsJapan
96%
83.4 yearsSpain
96%
82.7 yearsSweden
96%
83.4 yearsSwitzerland
96%
82.9 yearsIceland
91%
83.6 yearsItaly
91%
82.1 yearsNetherlands
91%
82.8 yearsSouth Korea
91%
82.3 yearsCanada
87%
82.1 yearsNew Zealand
87%
83.8 yearsSingapore
87%
83.3 yearsAustralia
83%
82.5 yearsFrance
83%
82.1 yearsGreece
83%
82.1 yearsIreland
74%
82.1 yearsLuxembourg
74%
84.7 yearsHong Kong(China)
65%
82.4 yearsMalta
61%
82.8 yearsIsrael
43%

Score Distribution

Percentile by Number Answered

Percent of People with Each Score

Your Score History

You have not taken this quiz